01013nam a2200313uu 4500001000800000005001700008007001000025008004100035035001200076040001300088041000800101082000800109100003300117245005200150250001100202260003600213300003800249650001200287650003000299650003300329650003300362650002900395650004000424650003300464700003000497700003100527700003600558787010500594101511120260507074651.0co|||||||070209s2003 eng  a1015111 ccomduadb aeng 4a65810aWalker, Orville C.4auteaut10aMarketing strategy : a decision focused apprach a4. ed. aMéxico :bMcGraw-Hill,c2003. a1 CD ROM + 1 Texto (431 p. : il.) aMercado aPlanificacion del mercado aAdministración de mercados aEstrategias de mercadotecnia 7aToma de decisiones2lemb 7aPlanificación estratégica2lemb 7aAnálisis de mercadeo2lemb10aBoyd, Harper W.4auteaut10aMullins, John W.4auteaut10aLarreche, Jean-Claude4auteaut08iMaterial AcompañantetMarketing estrategico : enfoque de toma de decisionesd2005b4. ed.w1011193